书目信息 |
| 题名: |
电子商务环境下的物流管理
|
|
| 作者: | 王晓平 编著 | |
| 分册: | ||
| 出版信息: | 北京 北京大学出版社 2014 |
|
| 页数: | 228页 | |
| 开本: | 26cm | |
| 丛书名: | ||
| 单 册: | ||
| 中图分类: | F713.365.1 | |
| 科图分类: | ||
| 主题词: | 电子商务--物流--物资管理--高等教育--教材 , 电子商务 , 物流 , 物资管理 | |
| 电子资源: | ||
| ISBN: | 978-7-301-23250-7 | |
| 000 | 01204nam0 2200289 450 | |
| 001 | 523 | |
| 005 | 20140909095452.82 | |
| 010 | @a978-7-301-23250-7@dCNY30.00 | |
| 100 | @a20131226d2014 em y0chiy50 ea | |
| 101 | 0 | @achi |
| 102 | @aCN@b110000 | |
| 105 | @aa z 000yy | |
| 106 | @ar | |
| 200 | 1 | @a电子商务环境下的物流管理@ADian Zi Shang Wu Huan Jing Xia De Wu Liu Guan Li@dE-commerce logistics management@f王晓平编著@FWang Xiao Ping Bian Zhu@zeng |
| 210 | @a北京@c北京大学出版社@d2014 | |
| 215 | @a228页@c图@d26cm | |
| 300 | @a普通高等教育“十二五”规划教材 21世纪经济与管理规划教材 物流管理系列 | |
| 330 | @a本书从物流与电子商务的关系入手,系统论述了电子商务环境下如何开展物流管理的理论知识和应用方法。书中全面阐述了电子商务的发展对于传统物流所带来的冲击,介绍了先进的信息技术、新的管理模式武装起来的现代物流管理,进一步阐明了电子商务环境下物流的发展方向。 | |
| 510 | 1 | @aE-commerce logistics management@zeng |
| 606 | 0 | @a电子商务@x物流@x物资管理@x高等教育@j教材 |
| 606 | 0 | @a电子商务 |
| 606 | 0 | @a物流 |
| 606 | 0 | @a物资管理 |
| 690 | @aF713.365.1@v5 | |
| 701 | 0 | @a王晓平@AWang Xiao Ping@c(物流)@4编著 |
| 801 | 0 | @aCN@bTANGWEI@c20140603 |
| 905 | @b0842057-59@dF713.365.1@e659@f3 | |
| 电子商务环境下的物流管理=E-commerce logistics management/王晓平编著.-北京:北京大学出版社,2014 |
| 228页:图;26cm |
| 普通高等教育“十二五”规划教材 21世纪经济与管理规划教材 物流管理系列 |
| ISBN 978-7-301-23250-7:CNY30.00 |
| 本书从物流与电子商务的关系入手,系统论述了电子商务环境下如何开展物流管理的理论知识和应用方法。书中全面阐述了电子商务的发展对于传统物流所带来的冲击,介绍了先进的信息技术、新的管理模式武装起来的现代物流管理,进一步阐明了电子商务环境下物流的发展方向。 |
| ● |
| 相关链接 |
|
|
|
|
正题名:电子商务环境下的物流管理
索取号:F713.365.1/659
 
预约/预借
| 序号 | 登录号 | 条形码 | 馆藏地/架位号 | 状态 | 备注 |
| 1 | 0842057 | 208420573 | 第一样本阅览室/ [索取号:F713.365.1/659] | 在馆 | |
| 2 | 0842058 | 208420582 | 第一借阅区/ [索取号:F713.365.1/659] | 在馆 | |
| 3 | 0842059 | 208420591 | 密集书库-海洋学院/ [索取号:F713.365.1/659] | 在馆 |